Szczegóły MARC21

Das Lied von Bernadette : Roman /

003 -Nazwa inst., której nr kontr. jest w polu 001 [,]
    • @
    • Nazwa instytucji, której n kontrolny jest w polu 001
    • NUKAT
005 -DATA I CZAS OSTATNIEJ MODYFIKACJI [,]
    • @
    • pole kontrolne
    • 20241231095831.0
040 -Instytucja sporządzająca opis [ , ]
    • a
    • Instytucja, która sporządziła opis (NP)
    • KR U/84SzE
    • c
    • Instytucja, która sporządziła rekord (NP)
    • KR U/84SzE
942 -Rodzaj dokumentu [ , ]
    • c
    • Rodzaj dokumentu
    • Książka
100 -Hasło główne - nazwa osobowa [1, ]
    • a
    • Nazwa osobowa (NP)
    • Werfel, Franz
    • d
    • Daty biograficzne (NP)
    • (1890-1945).
    • 9
    • KHW
    • 256906
240 -Tytuł ujednolicony [1,0]
    • a
    • Tytuł ujednolicony
    • Lied von Bernadette
    • l
    • Język tekstu
    • (niem.)
    • 9
    • KHW
    • 541996
245 -Strefa tytułu i oznaczenia odpowiedzialności [1,4]
    • a
    • Tytuł
    • Das Lied von Bernadette : Find
    • b
    • Ciąg dalszy tytułu (NP)
    • Roman / Find
    • c
    • Pozostałe elementy strefy tytułu i oznaczenia odpowiedzialności (NP)
    • Franz Werfel.
250 -Strefa wydania [ , ]
    • a
    • Oznaczenie wydania (NP)
    • Lizenz ausg., ungek. Ausg.
260 -Strefa adresu wydawniczego [ , ]
    • a
    • Miejsce wydania (P)
    • Frankfurt am Main ;
    • a
    • Miejsce wydania (P)
    • Hamburg :
    • b
    • Nazwa wydawcy (P)
    • Fischer-Bücherei,
    • c
    • Data wydania (P)
    • 1958.
300 -Strefa opisu fizycznego [ , ]
    • a
    • Określenie formy książki i/lub objętość (NP)
    • 486, [1] s. ;
    • c
    • Format (NP)
    • 18 cm.
336 -Typ zawartości [ , ]
    • a
    • Termin opisujący typ zawartości
    • Tekst
    • b
    • Kod określający zawartość
    • txt
    • 2
    • Źródło (terminu i kodu)
    • rdacontent
337 -Typ mediów [ , ]
    • a
    • Tryb odtwarzania
    • Bez urządzenia pośredniczącego
    • b
    • Kod typu mediów
    • n
    • 2
    • Źródło (terminu i kodu)
    • rdamedia
338 -Typ/rodzaj nośnika [ , ]
    • a
    • Hasło opisujące typ nośnika
    • Wolumin
    • b
    • Kod typu nośnika
    • nc
    • 2
    • Źródło (terminu i kodu)
    • rdacarrier
490 -Strefa serii i książki wielotomowej - forma nie do wyszukiwania [1, ]
    • a
    • Tytuł (P)
    • Fischer Bücherei Find
    • v
    • Numeracja (P)
    • 240/241
830 -Hasło dodatkowe serii i opisu książki wielotomowej - tytuł ujednolicony/tytuł [ ,0]
    • a
    • Tytuł ujednolicony/tytuł (NP)
    • Fischer Bücherei
    • v
    • Oznaczenie tomu (NP)
    • 240/241
    • 9
    • KHW
    • 96962
080 -Uniwersalna Klasyfikacja Dziesiętna [ , ]
    • a
    • Symbol klasyfikacji
    • 830(436)-31=30
600 -Hasło przedmiotowe w formie nazwy osobowej [0,7]
    • a
    • Nazwa osobowa
    • Bernadetta
    • c
    • Dopowiedzenie
    • (święta ;
    • d
    • Daty związane z nazwą
    • 1844-1879)
    • v
    • Określnik formalny
    • powieści.
    • 2
    • Źródło terminu
    • kaba
    • 9
    • KHW
    • 542221
655 -Hasło w funkcji tematu formalnego [ ,7]
    • a
    • Hasło
    • Powieść biograficzna austriacka
    • y
    • Określnik chronologiczny
    • 1900-1945.
    • 2
    • Źródło terminu
    • kaba
    • 9
    • KHW
    • 542222
980 -Symbol UKD [ , ]
    • a
    • UKD
    • 830(436)-31=30
Data inwentaryzacji Lokalizacja Numer inwentarzowy Sygnatura Status udost.
1995-10-09BMG.11110Germ. Literatura austriacka-3